000 00589nam a2200193Ia 4500
008 151121s9999||||xx |||||||||||||| ||und||
082 _a833-/शर्मा
082 _bHNW-65944
100 _aशर्मा दीपा
245 _aआकाश कुसुम
260 _b"साहित्य रत्नालय, कानपुर।"
260 _c--
300 _a87
600 _aशर्मा दीपा
630 _aआकाश कुसुम
700 _aशर्मा दीपा
730 _aआकाश कुसुम
942 _cBOOK
999 _c1247441
_d1247438